000 00417nam a22001697a 4500
003 MPLRDC
005 20220104114556.0
008 210129b ||||| |||| 00| 0 eng d
082 _a857.41 GDXS v.9
100 _a符济梅
245 _a奇梦录
_c
260 _a
_b雷鼓出版社
_c1989
300 _b
490 _a古典小说精华
650 _a话本小说及章回--评话
942 _cBK
_o857.41 GDXS v.9
999 _c8561
_d8551